Do you really now Hermione Granger - Statistics

General Stats
  • This quiz has been taken 152 times
  • The average score is 10 of 15
Answer Stats
Question Answer % Correct
Who plays Hermione in the Harry Potter movies? Emma Watson
100%
What does Draco Malfoy call Hermione? Mudblood
100%
What animal is Hermione's Patronus? Otter
100%
What organisation does Hermione found in Harry Potter and the Goblet of Fire? Society for the Society for the Promotion of Elfish Welfare
95%
What is Hermione's middle name? Jean
89%
Who rescues Hermione from the Merpeople in the Black Lake? Viktor Krum
89%
In Harry Potter and the Cursed Child, what is Hermione's job? Minister for Magic
84%
Why does Hermione use the confundus charm on Cormac McLaggen? To help Ron in Quidditch Tryouts
84%
What spell does Hermione use on Harry when they are captured by Snatchers? Stinging Jinx
68%
What Death Eater injures Hermione in the battle in the Department of Mysteries? Antonin Dolohov
63%
Who did J. K. Rowling base the character of Hermione on? Herself
47%
Who does Hermione invite to Slughorn's Christmas Party? Ron Weasley
37%
What did J. K. Rowling originally plan to use for Hermione's last name? Puckle
32%
Who played Hermione in the original West End production of Harry Potter and the Cursed Child? Noma Dumezweni
26%
Which of Shakespeare's plays is Hermione's name taken from? The Winter's Tale
21%
No matching quizzes found
Score Distribution
Percent of People with Each Score
Percentile by Number Answered
Your Score History
You have not taken this quiz